| 000 | 01051nam a2200277 i 4500 | ||
|---|---|---|---|
| 001 | 47701 | ||
| 003 | ES-MaACL | ||
| 005 | 20230906161620.0 | ||
| 007 | t| | ||
| 008 | 030520s2002 sp a |||| | spa d | ||
| 020 | _a84-89913-39-0 | ||
| 080 | _a687.1 Capucci, Roberto (083.824) | ||
| 080 | _a739.7.034(083.824) | ||
| 100 | 1 |
_aCapucci, Roberto. _934914 |
|
| 245 | 1 | 0 |
_aVestidos y armaduras _b: (moda de ayer y hoy en seda y acero) : Sala de exposiciones de la Fundación Santader Central Hispano, del 25 de septiembre al 24 de noviembre de 2002 / _cRoberto Capucci. |
| 260 |
_a[Madrid] : _bFundación Santander Central Hispano, _c[2002] |
||
| 300 |
_a173 p. : _bil. col. y n. ; _c30 cm. |
||
| 504 | _aBibliografía: p. 169-173. | ||
| 600 | 1 | 4 |
_aCapucci, Roberto- _vExposiciones. _934915 |
| 650 | 1 | 4 |
_aArmaduras- _vExposiciones. _9164769 |
| 655 | 7 |
_2tgfbne _9193628 _aCatálogos de exposiciones |
|
| 710 | 2 |
_aFundación Santander Central Hispano. _94415 |
|
| 852 |
_aES-MaACL _jL-26313 |
||
| 942 | _2udc | ||
| 999 |
_c47701 _d47701 |
||